Astronomy ; a textbook for university and college students.

Bibliographic Details
Main Author: Baker, Robert Horace, 1883-
Format: Book
Language:English
Published: Princeton, N.J. : Van Nostrand, [1961]
Edition:7th ed.
Subjects:

MARC

Tag First Indicator Second Indicator Subfields
LEADER 00000cam a2200000 4500
001 in00000042004
005 20151007070706.0
008 800530s1961 njua 00000 eng d
035 |a (OCoLC)06375107 
035 |9 AAE4523AM 
040 |a TXA  |c TXA  |d UtOrBLW 
049 |a TXAM  |c [339901] 
092 |a 523  |b B169a, 1961 
100 1 |a Baker, Robert Horace,  |d 1883- 
245 1 0 |a Astronomy ;  |b a textbook for university and college students. 
250 |a 7th ed. 
264 1 |a Princeton, N.J. :  |b Van Nostrand,  |c [1961] 
300 |a 547 pages :  |b illustrations ;  |c 24 cm. 
336 |a text  |b txt  |2 rdacontent 
337 |a unmediated  |b n  |2 rdamedia 
338 |a volume  |b nc  |2 rdacarrier 
650 0 |a Astronomy. 
999 |a MARS 
999 f f |s 1073408b-dac3-3f97-aad7-fd0318c192ad  |i 7ee943e1-bf3c-35f8-a830-5583d1950bc9  |t 0 
952 f f |p normal  |a Texas A&M University  |b College Station  |c Sterling C. Evans Library  |d Evans: Library Stacks  |t 0  |e 523 B169a, 1961  |h Dewey Decimal classification  |i unmediated -- volume  |m A14800899676 
998 f f |a 523 B169a, 1961  |t 0  |l Evans: Library Stacks